| Tag |
First Indicator |
Second Indicator |
Subfields |
| LEADER |
00000cam a2200000 4500 |
| 001 |
in00000073385 |
| 005 |
20151008052533.0 |
| 008 |
800306s1911 fr 00010 fre d |
| 035 |
|
|
|a (OCoLC)06058493
|
| 035 |
|
|
|9 AAH3782AM
|
| 040 |
|
|
|a KKU
|c KKU
|d TXA
|d UtOrBLW
|
| 041 |
1 |
|
|a fre
|a eng
|
| 049 |
|
|
|a TXAM
|c [223572]
|
| 090 |
|
|
|a HB601
|b .F514
|
| 092 |
|
|
|a 339.3
|b F533d
|
| 100 |
1 |
|
|a Fisher, Irving,
|d 1867-1947.
|
| 240 |
1 |
4 |
|a The nature of capital and income.
|l French
|
| 245 |
1 |
0 |
|a De la nature du capital et du revenu /
|c Tr. par Savinien Bouyssy.
|
| 264 |
|
1 |
|a Paris :
|b V. Giard & E. Briere,
|c 1911.
|
| 300 |
|
|
|a 475 pages :
|b illustrations ;
|c 23 cm.
|
| 336 |
|
|
|a text
|b txt
|2 rdacontent
|
| 337 |
|
|
|a unmediated
|b n
|2 rdamedia
|
| 338 |
|
|
|a volume
|b nc
|2 rdacarrier
|
| 490 |
1 |
|
|a Bibliotheque internationale d'economie politique
|
| 500 |
|
|
|a Translation of The nature of capital and income.
|
| 504 |
|
|
|a Includes bibliographical references.
|
| 650 |
|
0 |
|a Capital.
|
| 650 |
|
0 |
|a Income.
|
| 830 |
|
0 |
|a Bibliothèque internationale d'économie politique.
|
| 999 |
|
|
|a MARS
|
| 999 |
f |
f |
|s 8e7bb679-1d51-3d8e-a5f4-56a4caf93e53
|i dff415c0-0242-3f67-8ef1-8100c1db672c
|t 0
|
| 952 |
f |
f |
|p ric
|a Texas A&M University
|b Rellis Campus
|c Joint Library Facility
|d Remote Storage
|t 0
|e HB601 .F514
|h Library of Congress classification
|i unmediated -- volume
|m A14800777573
|
| 998 |
f |
f |
|a HB601 .F514
|t 0
|l Remote Storage
|